00315nam a2200121Ia 4500008004100000082002100041100002100062245004000083250000800123260003300131300001000164650001900174150201s2008 xx 000 0 und d a616.O7O7bO2008R aREGEZI,JOSEPH A. aORAL PATHOLOGY : CLINICAL PATHOLOGY a5TH bSAUNDERSaPHILADELPHIAc2008 a1-418 aORAL PATHOLOGY